[Event "Top 12 feminin 2013"]
[Site "Archamps"]
[Date "2013.02.15"]
[Round "1"]
[White "Milliet, Sophie"]
[Black "Javakhishvili, Lela"]
[Result "1-0"]
[WhiteElo "2408"]
[BlackElo "2461"]
[PlyCount "59"]
[EventDate "2013.02.??"]
[EventType "team"]
[EventRounds "5"]
[EventCountry "FRA"]

1. e4 c5 2. Nf3 e6 3. d4 cxd4 4. Nxd4 a6 5. Be2 Nf6 6. Nc3 d6 7. f4 Qc7 8. O-O
Nbd7 9. Bf3 Be7 10. Kh1 Nb6 11. Qe1 Nfd7 12. a4 Bf6 13. Nde2 O-O 14. b3 Nb8 15.
Ba3 Rd8 16. a5 N6d7 17. Rd1 Be7 18. e5 Nc5 19. b4 Ncd7 20. b5 Qxa5 21. Nd5 Qxe1
22. Nxe7+ Kf8 23. Rfxe1 Kxe7 24. Bxd6+ Ke8 25. Bc7 axb5 26. Nd4 Ra4 27. f5 Nc6
28. Bxc6 bxc6 29. fxe6 c5 30. exf7+ 1-0

[Event "Top 12 feminin 2013"]
[Site "Archamps"]
[Date "2013.02.15"]
[Round "1"]
[White "Maisuradze, Nino"]
[Black "Vega Gutierrez, Sabrina"]
[Result "1/2-1/2"]
[WhiteElo "2331"]
[BlackElo "2352"]
[PlyCount "156"]
[EventDate "2013.02.??"]
[EventType "team"]
[EventRounds "5"]
[EventCountry "FRA"]

1. d4 d5 2. c4 dxc4 3. Nf3 Nf6 4. e3 Bg4 5. Bxc4 e6 6. O-O Nbd7 7. h3 Bh5 8.
Nc3 Bb4 9. Be2 O-O 10. Qb3 c5 11. Rd1 Qe7 12. Bd2 cxd4 13. exd4 Nb6 14. Bg5
Bxc3 15. bxc3 Rac8 16. Rac1 h6 17. Bh4 Bxf3 18. Bxf3 Rc4 19. Bxf6 gxf6 20. Be2
Ra4 21. Rd3 Qa3 22. Qd1 Nc4 23. Rc2 Rd8 24. Rg3+ Kh8 25. Bxc4 Rxc4 26. Qf3 Qe7
27. Qf4 Kh7 28. Qg4 Qf8 29. Qe4+ f5 30. Qxb7 Rdxd4 31. cxd4 Rxc2 32. Qxa7 Rc8
33. a3 Ra8 34. Qc5 Qb8 35. Qe7 Ra7 36. Qf6 Qh8 37. Qxh8+ Kxh8 38. Kf1 Ra4 39.
Rd3 Kg7 40. Ke2 Kf6 41. Kd2 Ke7 42. Kc2 Kd6 43. Kb3 Ra8 44. Rc3 Kd5 45. Rc7
Rb8+ 46. Kc3 Ra8 47. Rc5+ Ke4 48. Re5+ Kf4 49. Kb4 Rb8+ 50. Kc3 Ra8 51. Kb4
Rb8+ 52. Rb5 Rg8 53. a4 Rxg2 54. a5 Rxf2 55. a6 Rb2+ 56. Kc5 Rc2+ 57. Kb6 Rc8
58. Kb7 Re8 59. d5 exd5 60. Rxd5 Kg3 61. Rxf5 Re7+ 62. Kb6 Kxh3 63. a7 Re6+ 64.
Kb5 Re8 65. Rh5+ Kg4 66. Rxh6 f5 67. Rg6+ Kf3 68. Ra6 Ra8 69. Ra3+ Ke4 70. Ra4+
Ke3 71. Ra3+ Ke4 72. Kb6 f4 73. Kb7 Rxa7+ 74. Kxa7 f3 75. Kb6 f2 76. Ra1 Ke3
77. Kc5 Ke2 78. Kd4 f1=Q 1/2-1/2

[Event "Top 12 feminin 2013"]
[Site "Archamps"]
[Date "2013.02.15"]
[Round "?"]
[White "Rasinaru, Alina-Laura"]
[Black "Fischer, Julie"]
[Result "1/2-1/2"]
[WhiteElo "1988"]
[BlackElo "1916"]
[PlyCount "162"]
[EventDate "2013.02.??"]
[EventType "team"]
[EventRounds "5"]
[EventCountry "FRA"]

1. e4 c5 2. c3 d5 3. exd5 Qxd5 4. d4 Nc6 5. Nf3 Bg4 6. Be2 cxd4 7. cxd4 e6 8.
O-O Nf6 9. Nc3 Qd7 10. Be3 Be7 11. Ne5 Nxe5 12. dxe5 Bxe2 13. Qxe2 Nd5 14. Nxd5
Qxd5 15. Bf4 O-O 16. Rfd1 Qc6 17. Qg4 Qb5 18. a4 Qb4 19. Qg3 Rfd8 20. Bh6 Bf8
21. b3 Rd4 22. Rxd4 Qxd4 23. Rc1 Rd8 24. h4 Qd3 25. Rc3 Qxg3 26. Rxg3 Rd1+ 27.
Kh2 Rd4 28. Kh3 Re4 29. Be3 h5 30. Bxa7 Be7 31. Re3 Rxh4+ 32. Kg3 Rg4+ 33. Kf3
Rb4 34. Bb8 Bg5 35. Rd3 Rf4+ 36. Ke2 Re4+ 37. Kd1 Rb4 38. Kc2 f6 39. Bd6 Re4
40. exf6 gxf6 41. Kc3 f5 42. b4 Bf6+ 43. Kd2 Kf7 44. Bc5 Ke8 45. a5 Be7 46.
Bxe7 Kxe7 47. Kc3 Re2 48. Rd2 Re4 49. Kb3 f4 50. b5 f3 51. gxf3 Rf4 52. a6
Rxf3+ 53. Kb4 b6 54. Rc2 Rf4+ 55. Kc3 h4 56. Kd3 h3 57. Ke3 h2 58. Rc1 Rh4 59.
Rh1 Kd6 60. f4 Kc5 61. a7 Rh8 62. Rxh2 Ra8 63. Ra2 Kxb5 64. Ke4 Kc6 65. Ke5 Kd7
66. Ra6 b5 67. Rd6+ Kc8 68. Kxe6 Rxa7 69. f5 Ra1 70. f6 Re1+ 71. Kf7 b4 72. Kg7
Rg1+ 73. Kf8 b3 74. Rb6 Rg3 75. f7 Kd7 76. Rb7+ Kd8 77. Rb4 Kd7 78. Rd4+ Kc7
79. Ke7 Re3+ 80. Kf6 Rf3+ 81. Kg7 Rg3+ 1/2-1/2

[Event "Top 12 feminin 2013"]
[Site "Archamps"]
[Date "2013.02.15"]
[Round "1"]
[White "Fesselier, Melissa"]
[Black "Huisman, Chloe"]
[Result "1-0"]
[WhiteElo "1739"]
[BlackElo "1941"]
[PlyCount "79"]
[EventDate "2013.02.??"]
[EventType "team"]
[EventRounds "5"]
[EventCountry "FRA"]

1. e4 d5 2. exd5 Nf6 3. Nf3 Nxd5 4. d4 Bg4 5. Be2 e6 6. h3 Bh5 7. c4 Nb6 8. Nc3
c6 9. b3 Bb4 10. Bb2 O-O 11. O-O Qc7 12. a3 Be7 13. Ne5 Bxe2 14. Qxe2 N8d7 15.
Nxd7 Nxd7 16. Rad1 Qb6 17. Qc2 Nf6 18. Rfe1 Rac8 19. b4 a5 20. bxa5 Qxa5 21.
Qb3 Qc7 22. Rc1 Rfd8 23. Red1 Rd7 24. Na4 Bd8 25. Nc5 Re7 26. d5 exd5 27. Bxf6
gxf6 28. cxd5 cxd5 29. Ne6 fxe6 30. Rxc7 Rexc7 31. Qe3 Kf7 32. Qh6 Kg8 33. Qe3
Kf7 34. Rd3 Rc1+ 35. Kh2 Bc7+ 36. g3 Be5 37. Rb3 R8c7 38. Qh6 Kg8 39. Rb6 R7c2
40. Qe3 1-0

[Event "Top 12 feminin 2013"]
[Site "Archamps"]
[Date "2013.02.15"]
[Round "1"]
[White "Berend, Elvira"]
[Black "Dzagnidze, Nana"]
[Result "0-1"]
[WhiteElo "2331"]
[BlackElo "2555"]
[PlyCount "64"]
[EventDate "2013.02.??"]
[EventType "team"]
[EventRounds "5"]
[EventCountry "FRA"]

1. e4 c5 2. Nf3 e6 3. d3 Nc6 4. g3 Nf6 5. Bg2 Be7 6. O-O O-O 7. Nbd2 d5 8. Qe2
b5 9. Re1 a5 10. e5 Nd7 11. Nf1 b4 12. h4 Ba6 13. N1h2 c4 14. dxc4 Bxc4 15. Qd1
Rc8 16. Ng4 Nc5 17. Bg5 Ba6 18. Bxe7 Qxe7 19. Ng5 Rfd8 20. Qd2 h6 21. Nh3 h5
22. Nh2 Ne4 23. Qd1 g6 24. Bf3 Nxe5 25. Bxh5 gxh5 26. Qxh5 Qf6 27. f3 Rxc2 28.
fxe4 dxe4 29. Red1 Rxd1+ 30. Qxd1 Bd3 31. Nf4 Qg7 32. Kh1 Qxg3 0-1

[Event "Top 12 feminin 2013"]
[Site "Archamps"]
[Date "2013.02.15"]
[Round "1"]
[White "Collas, Silvia"]
[Black "Leconte, Maria"]
[Result "1/2-1/2"]
[WhiteElo "2286"]
[BlackElo "2221"]
[PlyCount "27"]
[EventDate "2013.02.??"]
[EventType "team"]
[EventRounds "5"]
[EventCountry "FRA"]

1. c4 e6 2. g3 d5 3. Bg2 d4 4. Nf3 c5 5. b4 cxb4 6. a3 Nc6 7. axb4 Bxb4 8. O-O
Nge7 9. e3 e5 10. Qa4 O-O 11. Nxe5 Nxe5 12. Qxb4 N7c6 13. Qa4 Bg4 14. f3
1/2-1/2

[Event "Top 12 feminin 2013"]
[Site "Archamps"]
[Date "2013.02.15"]
[Round "1"]
[White "Monpeurt, Cyrielle"]
[Black "Hamdouchi, Adina-Maria"]
[Result "1-0"]
[WhiteElo "2039"]
[BlackElo "2206"]
[PlyCount "91"]
[EventDate "2013.02.??"]
[EventType "team"]
[EventRounds "5"]
[EventCountry "FRA"]

1. e4 g6 2. d4 Bg7 3. Nc3 c6 4. f4 d5 5. e5 Nh6 6. Nf3 Bg4 7. h3 Bxf3 8. Qxf3
f6 9. Be3 O-O 10. Qe2 fxe5 11. fxe5 e6 12. O-O-O Nf5 13. Bf2 c5 14. dxc5 Nc6
15. g4 Nh4 16. Nb5 Nf3 17. Nd4 Ncxd4 18. Bxd4 Nxd4 19. Rxd4 Qa5 20. Kb1 Qxc5
21. Rd2 Bh6 22. g5 Bxg5 23. Rd3 Rf2 24. Qd1 Raf8 25. Be2 R8f5 26. Rc3 Qf8 27.
h4 Be7 28. Rc7 Rxe5 29. Bd3 Rf7 30. Rxb7 Bf6 31. Rb3 Qh6 32. Rb8+ Kg7 33. a3
Qh5 34. Qd2 Qf3 35. Rf1 Qe3 36. Qb4 Be7 37. Rxf7+ Kxf7 38. Qb7 Qc5 39. Qd7 Re1+
40. Ka2 Kf6 41. Qe8 Ke5 42. Qh8+ Bf6 43. Qxh7 d4 44. Rb5 Qxb5 45. Bxb5 Rg1 46.
Qxa7 1-0

[Event "Top 12 feminin 2013"]
[Site "Archamps"]
[Date "2013.02.15"]
[Round "1"]
[White "Thuret, Marine"]
[Black "Rouzes, Sibylle-Anne"]
[Result "1-0"]
[WhiteElo "1891"]
[BlackElo "1592"]
[PlyCount "31"]
[EventDate "2013.02.??"]
[EventType "team"]
[EventRounds "5"]
[EventCountry "FRA"]

1. e4 c6 2. c4 d6 3. d4 Nf6 4. Nc3 Nbd7 5. f4 Qc7 6. e5 dxe5 7. fxe5 Ng8 8. Nf3
e6 9. Bf4 Ne7 10. Bd3 Ng6 11. Bg3 Bb4 12. O-O O-O 13. Ng5 Nb6 14. Qh5 h6 15.
Nxf7 Rxf7 16. Qxg6 1-0

[Event "Top 12 feminin 2013"]
[Site "Archamps"]
[Date "2013.02.15"]
[Round "1"]
[White "Lazo, Xenia"]
[Black "Roumegous, Marina"]
[Result "0-1"]
[WhiteElo "2113"]
[BlackElo "2139"]
[PlyCount "112"]
[EventDate "2013.02.??"]
[EventType "team"]
[EventRounds "5"]
[EventCountry "FRA"]

1. d4 e6 2. c4 Nf6 3. Nf3 b6 4. a3 Ba6 5. Qc2 Bb7 6. Nc3 c5 7. e4 cxd4 8. Nxd4
Bc5 9. Nf3 Nc6 10. Bd3 Ng4 11. O-O Qb8 12. Ne2 Nce5 13. Nxe5 Nxe5 14. Bf4 Bd6
15. Bg3 O-O 16. Rad1 Rd8 17. Nc3 a6 18. Be2 Bc7 19. b4 Ng6 20. Na4 d6 21. f4 b5
22. cxb5 axb5 23. Bxb5 Bxe4 24. Qxe4 Qxb5 25. Nc3 Qb6+ 26. Bf2 Qb8 27. Qc6 Ne7
28. Qf3 Rxa3 29. Rd3 Ra8 30. b5 d5 31. g3 Nf5 32. Rb1 Bb6 33. Nd1 Nd6 34. Rdb3
Ne4 35. R3b2 Rc8 36. Bxb6 Qxb6+ 37. Qe3 Rab8 38. Qxb6 Rxb6 39. Ra2 Kf8 40. Ra6
Rcb8 41. Rxb6 Rxb6 42. Nf2 Nd6 43. Nd3 Rxb5 44. Ra1 Rb7 45. Ra8+ Ke7 46. Ne5
Rc7 47. Kg2 f6 48. Nf3 Nf5 49. Ra3 h5 50. Rd3 Rc2+ 51. Kh3 Kd6 52. Ra3 d4 53.
Ra6+ Kd5 54. Ne1 Re2 55. Nd3 g5 56. fxg5 fxg5 0-1

[Event "Top 12 feminin 2013"]
[Site "Archamps"]
[Date "2013.02.15"]
[Round "1"]
[White "Todorova, Maya"]
[Black "Fortuit, Emilie"]
[Result "0-1"]
[WhiteElo "2017"]
[BlackElo "1951"]
[PlyCount "48"]
[EventDate "2013.02.??"]
[EventType "team"]
[EventRounds "5"]
[EventCountry "FRA"]

1. e4 c5 2. d4 cxd4 3. c3 dxc3 4. Nxc3 Nc6 5. Nf3 e6 6. Bc4 Bb4 7. O-O Bxc3 8.
bxc3 Nge7 9. Ba3 O-O 10. Qd6 Re8 11. Rfd1 Qa5 12. Rab1 Qxc3 13. Rdc1 Qf6 14.
Rb5 Ng6 15. Bb2 Qe7 16. Qg3 a6 17. Rh5 f6 18. Bd3 Nb4 19. Bb1 e5 20. Kf1 Nf4
21. Rh4 Nbd3 22. Bxd3 Nxd3 23. Rc2 Qb4 24. Rg4 Re7 0-1

[Event "Top 12 feminin 2013"]
[Site "Archamps"]
[Date "2013.02.15"]
[Round "1"]
[White "Aggoune, Liza"]
[Black "Lamoureux, Izabelle"]
[Result "0-1"]
[WhiteElo "1863"]
[BlackElo "2093"]
[PlyCount "42"]
[EventDate "2013.02.??"]
[EventType "team"]
[EventRounds "5"]
[EventCountry "FRA"]

1. e4 c5 2. Nf3 Nc6 3. d4 cxd4 4. Nxd4 Nf6 5. Nc3 e5 6. Nb3 Bb4 7. Bd3 d5 8.
exd5 Nxd5 9. Bd2 Nxc3 10. bxc3 Bd6 11. O-O Qh4 12. g3 Qh3 13. Re1 Bg4 14. Qc1
O-O 15. Bf1 Qh5 16. Be3 f5 17. f4 Rad8 18. Rb1 Rf6 19. fxe5 Nxe5 20. Nd4 f4 21.
Bxf4 Nf3+ 0-1

[Event "Top 12 feminin 2013"]
[Site "Archamps"]
[Date "2013.02.15"]
[Round "1"]
[White "Dacalor, Aurelie"]
[Black "Genova, Lyubka"]
[Result "0-1"]
[WhiteElo "2025"]
[BlackElo "2276"]
[PlyCount "66"]
[EventDate "2013.02.??"]
[EventType "team"]
[EventRounds "5"]
[EventCountry "FRA"]
[WhiteTeam "Bois Colombes"]
[BlackTeam "Mulhouse"]

1. d4 g6 2. c4 Bg7 3. Nc3 c5 4. d5 Bxc3+ 5. bxc3 f5 6. Nf3 d6 7. g3 Qa5 8. Qc2
Nd7 9. Bg2 Nb6 10. Nd2 Nf6 11. O-O Bd7 12. Rb1 O-O-O 13. Re1 Rde8 14. e3 Ng4
15. f4 e5 16. h3 Nf6 17. fxe5 Rxe5 18. Nf3 Re7 19. Nd2 Rhe8 20. Kf2 g5 21. Bb2
h5 22. Bf1 Na4 23. Ba1 h4 24. gxh4 gxh4 25. Bd3 Ne4+ 26. Nxe4 fxe4 27. Bf1 Rf8+
28. Kg1 Rg7+ 29. Kh2 Qd8 30. Re2 Qg5 31. Bg2 Qg3+ 32. Kh1 Bxh3 33. Qxe4 Bf5 0-1

[Event "Top 12 feminin 2013"]
[Site "Archamps"]
[Date "2013.02.15"]
[Round "1"]
[White "Choisy, Mathilde"]
[Black "Baldi, Valentine"]
[Result "1-0"]
[WhiteElo "2166"]
[BlackElo "1902"]
[PlyCount "63"]
[EventDate "2013.02.??"]
[EventType "team"]
[EventRounds "5"]
[EventCountry "FRA"]
[WhiteTeam "Mulhouse"]
[BlackTeam "Bois Colombes"]

1. e4 c6 2. d4 d5 3. f3 e6 4. Nc3 Bb4 5. Bf4 Ne7 6. Nge2 b6 7. Qd3 Ng6 8. Bg3
Qg5 9. h4 dxe4 10. fxe4 Qh5 11. O-O-O O-O 12. Qe3 Rd8 13. a3 Be7 14. Ng1 Ba6
15. Nf3 Bxf1 16. Rdxf1 h6 17. Rfg1 e5 18. Nxe5 Nxe5 19. Bxe5 c5 20. Nd5 Nc6 21.
Nxe7+ Nxe7 22. g4 Qg6 23. d5 Re8 24. h5 Qg5 25. Bf4 Qf6 26. g5 hxg5 27. Bxg5
Qd4 28. Qxd4 cxd4 29. Bf6 Nf5 30. exf5 Kf8 31. Rxg7 Re2 32. Rhg1 1-0

[Event "Top 12 feminin 2013"]
[Site "Archamps"]
[Date "2013.02.15"]
[Round "1"]
[White "Granjard, Karine"]
[Black "Richard, Emma"]
[Result "0-1"]
[WhiteElo "1651"]
[BlackElo "2099"]
[PlyCount "70"]
[EventDate "2013.02.??"]
[EventType "team"]
[EventRounds "5"]
[EventCountry "FRA"]
[WhiteTeam "Bois Colombes"]
[BlackTeam "Mulhouse"]

1. d4 Nf6 2. c4 e6 3. Nf3 c5 4. Bg5 cxd4 5. Nxd4 Be7 6. Nc3 a6 7. Qc2 Nc6 8.
Nxc6 bxc6 9. e4 Qc7 10. Bd3 O-O 11. Qe2 e5 12. O-O d6 13. Rac1 Ne8 14. Be3 Qd8
15. Na4 Rb8 16. c5 d5 17. exd5 cxd5 18. Bd2 e4 19. Bb1 f5 20. Bf4 Rb4 21. Qd1
Be6 22. a3 Rb5 23. b4 Bg5 24. Bxg5 Qxg5 25. Nc3 Rb8 26. Ba2 Rd8 27. Qd4 f4 28.
Nxe4 Qg6 29. Nd2 f3 30. g3 Qh6 31. Rc3 Nc7 32. Nxf3 Nb5 33. Qd3 Nxc3 34. Qxc3
Kh8 35. Nd4 Bh3 0-1

[Event "Top 12 feminin 2013"]
[Site "Archamps"]
[Date "2013.02.15"]
[Round "1"]
[White "Haussernot, Cecile"]
[Black "Rondeau, Maurene"]
[Result "1-0"]
[WhiteElo "2016"]
[BlackElo "1439"]
[PlyCount "87"]
[EventDate "2013.02.??"]
[EventType "team"]
[EventRounds "5"]
[EventCountry "FRA"]
[WhiteTeam "Mulhouse"]
[BlackTeam "Bois Colombes"]

1. e4 e5 2. Nf3 Nf6 3. Nxe5 d6 4. Nf3 Nxe4 5. Nc3 Nf6 6. d4 d5 7. Bd3 Bb4 8.
O-O O-O 9. Bg5 c6 10. Ne5 Be7 11. f4 Nbd7 12. Qe2 Nxe5 13. fxe5 Bg4 14. Qe3 Nd7
15. Bxe7 Qxe7 16. Rf4 Bh5 17. Ne2 f6 18. Rh4 Bxe2 19. Bxh7+ Kf7 20. Qxe2 Ke8
21. e6 Nb6 22. a4 a5 23. b3 Kd8 24. c4 Rh8 25. Rh5 g5 26. Bf5 Rxh5 27. Qxh5
dxc4 28. bxc4 Nxc4 29. Qh8+ Qe8 30. Qxf6+ Qe7 31. Qh8+ Qe8 32. e7+ Kc7 33. Qg7
b6 34. Re1 Nd6 35. Be6 Qh8 36. e8=N+ Kd8 37. Qxh8 Nxe8 38. Bf7 Kc7 39. Bxe8 b5
40. Qe5+ Kb7 41. Bxc6+ Kxc6 42. Qc5+ Kb7 43. Re7+ Ka6 44. axb5# 1-0

[Event "Top 12 feminin 2013"]
[Site "Archamps"]
[Date "2013.02.15"]
[Round "1"]
[White "Guichard, Pauline"]
[Black "Forgues, Valerie"]
[Result "1-0"]
[WhiteElo "2347"]
[BlackElo "1962"]
[PlyCount "87"]
[EventDate "2013.02.??"]
[EventType "team"]
[EventRounds "5"]
[EventCountry "FRA"]
[WhiteTeam "Vandoeuvre"]
[BlackTeam "Toulouse"]

1. d4 Nf6 2. c4 e6 3. Nc3 Bb4 4. e3 b6 5. Nge2 Bb7 6. a3 Bxc3+ 7. Nxc3 O-O 8.
Bd3 d6 9. O-O Nbd7 10. b4 e5 11. d5 Re8 12. f3 a5 13. Bd2 axb4 14. axb4 Qe7 15.
Qc2 Nf8 16. Qb2 c6 17. Qb3 Qc7 18. Rfc1 Rec8 19. Bf5 Rd8 20. Bd3 Rdc8 21. Rd1
Qd8 22. Be1 Rxa1 23. Rxa1 Ra8 24. Ra2 Rxa2 25. Qxa2 Qa8 26. Qxa8 Bxa8 27. e4
N8d7 28. dxc6 Bxc6 29. Bf2 Kf8 30. Bc2 Ke7 31. b5 Bb7 32. Na4 Nc5 33. Nxb6 Kd8
34. Na4 Nfd7 35. Nxc5 Nxc5 36. Bxc5 dxc5 37. h4 h6 38. h5 g5 39. hxg6 fxg6 40.
g3 g5 41. Kf2 Ke7 42. f4 exf4 43. gxf4 gxf4 44. Kf3 1-0

[Event "Top 12 feminin 2013"]
[Site "Archamps"]
[Date "2013.02.15"]
[Round "1"]
[White "Broly, Mathilde"]
[Black "Rudolf, Anna"]
[Result "0-1"]
[WhiteElo "1745"]
[BlackElo "2312"]
[PlyCount "96"]
[EventDate "2013.02.??"]
[EventType "team"]
[EventRounds "5"]
[EventCountry "FRA"]
[WhiteTeam "Toulouse"]
[BlackTeam "Vandoeuvre"]

1. c4 e6 2. g3 d5 3. Bg2 Nf6 4. Nf3 Be7 5. O-O O-O 6. cxd5 exd5 7. b3 c6 8. Qc2
a5 9. Bb2 Bg4 10. Nc3 Na6 11. a3 Nc5 12. d3 Qb6 13. Nd4 Nfd7 14. Na4 Nxa4 15.
bxa4 Bf6 16. e3 Qc5 17. Qb3 Qd6 18. h3 Nc5 19. Qc2 Bd7 20. Rfc1 b6 21. Rab1
Rfc8 22. Ne2 Rab8 23. Nf4 Bxb2 24. Rxb2 Ne6 25. Nxe6 fxe6 26. Qc3 c5 27. Qb3
Bc6 28. e4 Rd8 29. Rcb1 Rb7 30. Kh2 Qe5 31. Qc2 Rdb8 32. f4 Qd4 33. f5 exf5 34.
exf5 Bxa4 35. Qe2 Bd7 36. Qf3 Bc6 37. Re2 Kh8 38. Re6 Rc7 39. Rbe1 Rf8 40. Rb1
b5 41. Rxc6 Rxc6 42. Rxb5 Rd6 43. Rxa5 Qc3 44. Ra7 Qe5 45. Qf2 c4 46. dxc4 dxc4
47. Qc2 Rd3 48. Qf2 g6 0-1

[Event "Top 12 feminin 2013"]
[Site "Archamps"]
[Date "2013.02.15"]
[Round "1"]
[White "Steil-Antoni, Fiona"]
[Black "Broly, Marine"]
[Result "1-0"]
[WhiteElo "2143"]
[BlackElo "1621"]
[PlyCount "45"]
[EventDate "2013.02.??"]
[EventType "team"]
[EventRounds "5"]
[EventCountry "FRA"]
[WhiteTeam "Vandoeuvre"]
[BlackTeam "Broly"]

1. e4 c5 2. Nc3 e6 3. f4 Nc6 4. Nf3 Nge7 5. g3 g6 6. d4 cxd4 7. Nxd4 Bg7 8. Be3
O-O 9. Qd2 b6 10. Bg2 Nxd4 11. Bxd4 Bb7 12. Bxg7 Kxg7 13. Rd1 Bc6 14. O-O Qc7
15. Ne2 Rfd8 16. Nd4 Bb7 17. f5 exf5 18. exf5 Kh8 19. fxg6 fxg6 20. Rf7 Ng8 21.
Bxb7 Qxb7 22. Ne6 Re8 23. Qd4+ 1-0

[Event "Top 12 feminin 2013"]
[Site "Archamps"]
[Date "2013.02.15"]
[Round "1"]
[White "Destic, Elena"]
[Black "Mangean, Marianne"]
[Result "0-1"]
[WhiteElo "1330"]
[BlackElo "1424"]
[PlyCount "66"]
[EventDate "2013.02.??"]
[EventType "team"]
[EventRounds "5"]
[EventCountry "FRA"]
[WhiteTeam "Toulouse"]
[BlackTeam "Vandoeuvre"]

1. e4 c6 2. d4 d5 3. Nc3 dxe4 4. Nxe4 Bf5 5. Bd3 Qxd4 6. Qf3 Bxe4 7. Bxe4 Nf6
8. Bd3 e6 9. Ne2 Qd5 10. Qxd5 Nxd5 11. O-O Nd7 12. Nf4 N7f6 13. Nxd5 Nxd5 14.
c4 Nf6 15. Bg5 Be7 16. Rfe1 O-O-O 17. Rad1 Rd7 18. Bxf6 Bxf6 19. b4 Rhd8 20.
Bc2 Rd2 21. Rxd2 Rxd2 22. Bxh7 g6 23. a3 Bd4 24. Rf1 Kd7 25. h3 Ke7 26. g4 Kf6
27. Kg2 Kg7 28. Bxg6 Kxg6 29. Kg3 Rd3+ 30. f3 Bb2 31. a4 Be5+ 32. Kg2 Rd4 33.
Re1 Bf6 0-1

[Event "Top 12 feminin 2013"]
[Site "Archamps"]
[Date "2013.02.15"]
[Round "1"]
[White "Wohlers-Armas, Friederike"]
[Black "Del Valle, Clemence"]
[Result "1-0"]
[WhiteElo "2068"]
[BlackElo "1648"]
[PlyCount "79"]
[EventDate "2013.02.??"]
[EventType "team"]
[EventRounds "5"]
[EventCountry "FRA"]
[WhiteTeam "Naujac sur Mer"]
[BlackTeam "Isle sur Sorgue"]

1. d4 d5 2. c4 e6 3. Nc3 Nf6 4. Bg5 Nbd7 5. e3 Be7 6. Nf3 O-O 7. Qc2 b6 8. cxd5
Nxd5 9. Bxe7 Qxe7 10. Nxd5 exd5 11. Qxc7 Qb4+ 12. Qc3 Qd6 13. Bd3 Re8 14. Qc2
h6 15. O-O Nf6 16. Rac1 Re7 17. Qc6 Qxc6 18. Rxc6 Bb7 19. Rc2 a6 20. Rfc1 Kf8
21. Nh4 Ne4 22. Nf5 Rd7 23. f3 Ng5 24. Rc7 Rad8 25. Kf2 Ne6 26. Rxd7 Rxd7 27.
h4 h5 28. Ng3 g6 29. Ne2 Kg7 30. g3 f5 31. Rc3 Kf6 32. Ra3 a5 33. Rc3 Re7 34.
Rb3 b5 35. Bxb5 Rc7 36. Bd3 Ba8 37. Rb6 Rc6 38. Rb5 Ra6 39. Nc3 Nc7 40. Rc5 1-0

[Event "Top 12 feminin 2013"]
[Site "Archamps"]
[Date "2013.02.15"]
[Round "1"]
[White "Brin-Vervat, Emma"]
[Black "Armas, Lara-Maria"]
[Result "1-0"]
[WhiteElo "1545"]
[BlackElo "1973"]
[PlyCount "76"]
[EventDate "2013.02.??"]
[EventType "team"]
[EventRounds "5"]
[EventCountry "FRA"]
[WhiteTeam "Isle sur Sorgue"]
[BlackTeam "Naujac sur Mer"]

1. e4 c5 2. Nc3 d6 3. Bb5+ Bd7 4. Bxd7+ Qxd7 5. Nf3 Nc6 6. O-O Nf6 7. d3 e6 8.
Bf4 Be7 9. Re1 O-O 10. Qd2 a6 11. Na4 Rad8 12. Nb6 Qc7 13. Nc4 Nh5 14. Bg5 b5
15. Bxe7 Nxe7 16. Ne3 d5 17. exd5 Nxd5 18. Nxd5 Rxd5 19. Re3 Rfd8 20. Qe2 Nf4
21. Qd2 c4 22. Qc3 Qb6 23. Re4 Qd6 24. g3 Nxd3 25. cxd3 Rxd3 26. Qe5 Rxf3 27.
Qxd6 Rxd6 28. Re2 Rfd3 29. Rc1 Rd1+ 30. Rxd1 Rxd1+ 31. Kg2 Kf8 32. Rc2 Ke7 33.
b3 cxb3 34. axb3 Rd3 35. Ra2 Rxb3 36. Rxa6 b4 37. Ra7+ Kf6 38. Rb7 g5 1-0

[Event "Top 12 feminin 2013"]
[Site "Archamps"]
[Date "2013.02.15"]
[Round "1"]
[White "Armas, Lena"]
[Black "Del Valle, Julie"]
[Result "1-0"]
[WhiteElo "1903"]
[BlackElo "1486"]
[PlyCount "59"]
[EventDate "2013.02.??"]
[EventType "team"]
[EventRounds "5"]
[EventCountry "FRA"]
[WhiteTeam "Naujac sur Mer"]
[BlackTeam "Isle sur Sorgue"]

1. e4 e5 2. Nf3 d6 3. Bc4 Be7 4. Nc3 Nf6 5. d3 O-O 6. Bg5 Nbd7 7. Qe2 c6 8. Bb3
Qc7 9. O-O b5 10. a3 Bb7 11. d4 a6 12. Rad1 Rad8 13. dxe5 dxe5 14. Nh4 Rfe8 15.
Nf5 Bf8 16. Qf3 Be7 17. Bh6 Bf8 18. Bg5 Be7 19. Nxe7+ Rxe7 20. Qg3 Ree8 21. Kh1
Rc8 22. f4 exf4 23. Bxf4 Qd8 24. Bh6 g6 25. Bg5 Nh5 26. Bxf7+ Kg7 27. Qe3 Qc7
28. Bh6+ Kh8 29. Bxe8 Rxe8 30. Rf7 1-0

[Event "Top 12 feminin 2013"]
[Site "Archamps"]
[Date "2013.02.16"]
[Round "2"]
[White "Vega Gutierrez, Sabrina"]
[Black "Choisy, Mathilde"]
[Result "1-0"]
[WhiteElo "2352"]
[BlackElo "2166"]
[PlyCount "49"]
[EventDate "2013.02.??"]
[EventType "team"]
[EventRounds "5"]
[EventCountry "FRA"]

1. e4 c5 2. Nf3 e6 3. d4 cxd4 4. Nxd4 Nf6 5. Nc3 d6 6. f4 Be7 7. Be3 O-O 8. Qf3
e5 9. Nf5 Bxf5 10. exf5 Nbd7 11. g4 exf4 12. Qxf4 Ne5 13. Be2 Rc8 14. O-O-O
Rxc3 15. bxc3 Qa5 16. Qb4 Qxa2 17. Qxb7 d5 18. Qxe7 Qa1+ 19. Kd2 Ne4+ 20. Ke1
Qxc3+ 21. Bd2 Nxd2 22. Rxd2 Rb8 23. Rf1 Rb1+ 24. Kf2 Nxg4+ 25. Kg1 1-0

[Event "Top 12 feminin 2013"]
[Site "Archamps"]
[Date "2013.02.16"]
[Round "2"]
[White "Richard, Emma"]
[Black "Milliet, Sophie"]
[Result "1/2-1/2"]
[WhiteElo "2099"]
[BlackElo "2408"]
[PlyCount "53"]
[EventDate "2013.02.??"]
[EventType "team"]
[EventRounds "5"]
[EventCountry "FRA"]

1. e4 c5 2. Nf3 Nc6 3. Bb5 d6 4. d4 cxd4 5. Qxd4 Nf6 6. Nc3 Nd7 7. Bxc6 bxc6 8.
e5 dxe5 9. Nxe5 Nxe5 10. Qxe5 Qd6 11. Qe4 Qe6 12. O-O Qxe4 13. Nxe4 Bf5 14. Re1
O-O-O 15. Ng5 Bg6 16. Be3 a6 17. Rad1 Rxd1 18. Rxd1 e5 19. Nf3 f6 20. c3 Be7
21. Bb6 c5 22. Nh4 Bc2 23. Rd2 Bb1 24. Rd1 Bc2 25. Rd2 Bb1 26. Rd1 Bc2 27. Rd2
1/2-1/2

[Event "Top 12 feminin 2013"]
[Site "Archamps"]
[Date "2013.02.16"]
[Round "?"]
[White "Dzagnidze, Nana"]
[Black "Guichard, Pauline"]
[Result "1-0"]
[WhiteElo "2555"]
[BlackElo "2347"]
[PlyCount "147"]
[EventDate "2013.02.??"]
[EventType "team"]
[EventRounds "5"]
[EventCountry "FRA"]

1. d4 d5 2. Nf3 e6 3. c4 Nf6 4. g3 dxc4 5. Bg2 Nc6 6. Qa4 Bb4+ 7. Bd2 Bd6 8.
O-O O-O 9. Qxc4 e5 10. d5 Ne7 11. Nc3 h6 12. Rfd1 a6 13. Ne1 Ne8 14. a4 f5 15.
Nd3 Kh8 16. Nc5 Nf6 17. Ne6 Bxe6 18. dxe6 Qc8 19. Be3 Re8 20. Bc5 Bxc5 21. Qxc5
e4 22. f3 Qxe6 23. fxe4 fxe4 24. Qxc7 Ned5 25. Nxd5 Nxd5 26. Qc5 Nf6 27. Rd6
Qg4 28. Qd4 Rac8 29. Qd2 Qh5 30. Rf1 Ng4 31. h3 Qc5+ 32. Rd4 Nf6 33. Kh2 b5 34.
Rd6 Qg5 35. Qd4 Rc4 36. Qb6 Nh5 37. Rg6 Qe5 38. Rf7 Kg8 39. Rd7 Rc2 40. Qe3 Rc4
41. Qd2 Qf5 42. Rxa6 Rxa4 43. Rd5 Qf7 44. Rb6 Ra1 45. Rd8 Nf6 46. Rbb8 Rxd8 47.
Rxd8+ Kh7 48. Rd4 Qe6 49. Qf4 Ra4 50. b4 e3 51. Be4+ Nxe4 52. Rxe4 Qg6 53. Qxe3
Ra2 54. Re5 Ra1 55. Kg2 Rb1 56. Qe4 Qxe4+ 57. Rxe4 Kg6 58. Kf3 h5 59. Rf4 Rb3+
60. e3 Rb2 61. h4 Kh6 62. Rd4 Kg6 63. Ke4 Kf6 64. Kd5 Rc2 65. e4 Ke7 66. Ke5
Rb2 67. Kf5 Rb3 68. Kf4 Ke6 69. e5 Ke7 70. g4 Rh3 71. Kg5 hxg4 72. Rxg4 Kf7 73.
h5 Rf3 74. Rf4+ 1-0